Normal view
MARC view
Entry Personal Name
001 - CONTROL NUMBER
- control field: 13230
003 - CONTROL NUMBER IDENTIFIER
- control field: BD-RjUL
005 - DATE AND TIME OF LATEST TRANSACTION
- control field: 20240529121234.0
008 - FIXED-LENGTH DATA ELEMENTS
- fixed length control field: 240529|| aca||aabn | a|a d
040 ## - CATALOGING SOURCE
- Original cataloging agency: BD-RjUL
- Transcribing agency: BD-RjUL
100 ## - HEADING--PERSONAL NAME
- Personal name: Parween, Sefina, Supervisor
670 ## - SOURCE DATA FOUND
- Source citation: Work cat.: (BD-RjUL)83850: Alam, Md. Rabiul 3675, Openwater Fisheris Management of Freswater Shark Wallago Attu (Bloch and Schneider) (Siluriformes : Siluridae) / , 2005